000 01025 a2200289 4500
005 20260623100826.0
020 _a0397508026
050 0 0 _aRC655
_bING 1986
245 1 0 _aWerner's the thyroid :
_ba fundamental and clinical text /
_cedited by Sidney H: Ingbar, Lewis E. Braverman ; with 117 contributors.
250 _afifth edition
264 _aNew York :
_bLippincott,
_c1986
300 _axxv, 1526 pages
_billustrations
336 _atext
_btxt
_2rdacontent
337 _aunmediated
_bn
_2rdamedia
338 _avolume
_bnc
_2rdacarrier
500 _aRev. ed. of: The Thyroid. 4th ed. c1978.
504 _aIncludes bibliographies and index.
650 0 _aThyroid gland
_xDiseases.
650 0 _aThyroid gland
_xPhysiology.
650 2 _aThyroid Diseases.
650 2 _aThyroid Gland.
700 1 _aWerner, Sidney C.
700 1 _aIngbar, Sidney H.
700 1 _aBraverman, Lewis E.,
_d1929-
942 _2lcc
_cBK
_ethird edition
_h655
_iING
_kRC
999 _c12151
_d12151